Normal view
MARC view
Entry Topical Term
001 - CONTROL NUMBER
- control field: 14208
003 - CONTROL NUMBER IDENTIFIER
- control field: dpl
005 - DATE AND TIME OF LATEST TRANSACTION
- control field: 20100817110226.0
008 - FIXED-LENGTH DATA ELEMENTS
- fixed length control field: 100817|||a|||||| | ||| d
040 ## - CATALOGING SOURCE
- Original cataloging agency: dpl
- Transcribing agency: dpl
150 ## - HEADING--TOPICAL TERM
- Topical term or geographic name as entry element: Consumer Behavior
670 ## - SOURCE DATA FOUND
- Source citation: Work cat.: (dpl)41861: Ramesh Kannan, G. 14207, Customer satisfaction in banking services /, 2008
670 ## - SOURCE DATA FOUND
- Source citation: Work cat.: (dpl)41861: Ramesh Kannan, G. 14207, Customer satisfaction in banking services /, 2008
